| 000 | 01003cab a2200229 4500 | ||
|---|---|---|---|
| 001 | L130244 | ||
| 008 | 050706n2005 000 0 eng u | ||
| 035 | _a(Sirsi) u130244 | ||
| 041 | _aeng | ||
| 100 | _aGlover, Richard | ||
| 245 | _aHighly rated? | ||
| 260 | _c2005 | ||
| 490 |
_aSolicitors' Journal _v149(25) 24 June 2005, 759-760(2) |
||
| 520 | _aReviews the non-domestic rating system and provides an outline of the system. Explains a number of areas: hereditaments, local authority facilities, empty property, liability of landlords, transitional relief, the procedure for collecting rates and altering valuations from the point of view of a solicitor as opposed to a valuer. | ||
| 590 | _aIKA190705 | ||
| 650 | _aR (EDISON POWER LTD) V CENTRAL VALUATION OFFICER | ||
| 650 | _aENCON INSULATION (NOTTINGHAM) LTD V NOTTINGHAM CITY COUNCIL | ||
| 650 | _aWOOLWICH BUILDING SOCIETY V IRC | ||
| 650 | _aREGENTFORD LTD V THANET DC | ||
| 690 |
_aPlanning and development _96259 |
||
| 942 | _n0 | ||
| 999 |
_c75512 _d75512 |
||